The Ultimate Quiz: Japan - Statistics

General Stats
  • This quiz has been taken 7 times
  • The average score is 34 of 100
Answer Stats
Question Answer % Correct
Daimaō Kuppa is the original name and official title (in Japanese) of what antagonist first introduced in a 1985 game? Bowser
67%
Mariya Takeuchi's 1984 track "Plastic Love" is widely regarded as a prime example of which two-word loosely defined music genre? This genre is characterized by its "urban" sophisticated vibe and nostalgic evocation of 1980s Tokyo nightlife. City pop
67%
In 1983, Nintendo released the console known internationally as the Nintendo Entertainment System. What was its name in Japan? Family Computer (Famicom)
67%
In 1889, Fusajiro Yamauchi founded Nintendo to produce and sell hand-crafted types of what traditional Japanese playing cards? Hanafuda
67%
Roppongi Hills, Tokyo Tower, and Akasaka Palace are all located in what special ward of Tokyo whose name literally translates to "harbor"? Minato
67%
What dish consists of whole soybeans fermented using Bacillus subtilis? Nattō
67%
Final Fantasy, Dragon Quest, and Kingdom Hearts are role-playing franchises currently developed by what video game company formed in 2003 from a merger of two leading publishers? (Note: name the post-merger company) Square Enix
67%
Lexus and Infiniti are respectively the luxury car divisions of Toyota and Nissan. What is the luxury car division of Honda? Acura
50%
What arena follows "Cheap Trick at __" and "Bob Dylan at __" in the title of live albums by their respective artists? This arena hosted the judo and karate competitions at the 2020 Summer Olympics. Budokan
50%
What fashion house with a French name, founded by Rei Kawakubo in 1969, is known for challenging traditional beauty standards with its use of asymmetric, monochrome, shapeless form that emphasize individuality over conventional silhouettes? Comme des Garçons
50%
One of the few Japanese food items represented by an official emoji, what dumpling made from rice flour and water consists of small spheres usually served on a skewer? Dango
50%
Per the title of an acclaimed manga and anime series, what elven mage defeated the Demon King alongside her fellow companions, the human hero Himmel, the dwarven warrior Eisen, and the human priest Heiter? Frieren
50%
A statue located near Tokyo's Shibuya Station commemorates what loyal Akita dog, who waited for nearly nine years at the station for his deceased owner? Hachikō
50%
What is the term for the phenomenon in which individuals, often young adults (but not exclusively), withdraw from society for six months or more, isolating themselves at home and avoiding work, school, or social interaction? Hikikomori
50%
Which Japanese designer, whose signature innovations included origami‑like pleats and an eponymous punny "L'eau" fragrance, also created the black turtleneck favored by Steve Jobs? Issey Miyake
50%
Famed for its tidal whirlpools, what strait separates Awaji Island from Shikoku? Unrelatedly, this name is also shared by a boy from the Hidden Leaf Village who dreams of becoming the Hokage, the village leader. Naruto
50%
What crunchy biscuit stick from the Glico company was first sold with chocolate, almond, and strawberry coatings as its first three flavors? Pocky
50%
"Cherry Blossom Island" is the literal English translation of what extremely active Kyushu volcano, whose fertile volcanic soil is used to grow the world’s largest radish variety? Sakurajima
50%
Also the name of a popular hot pot dish, Kyu Sakamoto's 1961 hit song "Ue o Muite Arukō" is better known by which name internationally? Sukiyaki
50%
The first Japanese composer to win an Academy Award was Ryuichi Sakamoto for composing the score of what Bernardo Bertolucci film? This film follows the life of a man who was installed as the head of the puppet state of Manchukuo. The Last Emperor
50%
Riding camels and sandboarding are popular tourist activities at the Sand Dunes named for what prefecture? This area boasts Japan's largest coastal dune system. Tottori
50%
Which covert Imperial Japanese Army facility carried out deadly biological and chemical experiments on thousands of prisoners during World War II, resulting in an estimated 200,000 to 500,000 deaths from its field tests of biological weapons? Unit 731
50%
Suikawari is a summer game, similar to a piñata, in which blindfolded participants attempt to smash what kind of object with a wooden stick? Watermelon
50%
Founded in 1934, what company is by far the world's largest zipper manufacturer? YKK
50%
In the classic Japanese story of Chūshingura, how many masterless samurai (ronin) carried out a revenge plot to avenge the death of their lord? 47
33%
Named after a district of Tokyo, what idol group recorded the song "Sugar Rush" for the 2012 Disney animated film Wreck-It Ralph? In November 2010, Guinness World Records named it the world's largest pop group. AKB48
33%
What is the art of knitting or crocheting small, stuffed yarn creatures that are often designed with a cute aesthetic? Amigurumi
33%
Shigeru Ban, Tadao Ando, Fumihiko Maki, and Kenzō Tange are four notable Japanese men best known for their acclaimed work in what field? Architecture
33%
Japan's largest freshwater lake shares its name with what short-necked lute historically used for narrative storytelling? Biwa
33%
What is the world's largest doujinshi (self-published work) fair, held twice a year in Tokyo? It allows amateur artists, writers, and fan groups to sell their original or derivative fan works, such as manga, novels, music, and games. Comiket
33%
In an acclaimed 2016 novel written by Sayaka Murata, what type of establishment employs the 36-year-old socially unconventional protagonist Keiko Furukura, who serves as the story’s lens on societal conformity? Convenience store / Konbini
33%
A pancake confection known as dorayaki is the favorite snack of what earless blue robotic cat from the 22nd century? Doraemon
33%
What 1180-1185 civil war between the Taira and Minamoto clans marked the end of the Heian period? Minamoto no Yoritomo's victory marked the shift from aristocratic rule to a samurai-dominated military government. Genpei War
33%
A condition characterized by the gradual destruction of the thyroid gland, called chronic lymphocytic thyroiditis, was first identified by what physician after whom the disease is named? Hakaru Hashimoto
33%
Named for the American missionary who developed it, what is the most common system for writing Japanese using the Latin alphabet? Hepburn romanization
33%
Which pitcher threw the first no-hitter in Coors Field history, a feat made especially challenging by the stadium’s high elevation affecting both pitched and batted balls? Hideo Nomo
33%
What is the term in martial arts such as judo, karate, and kendo that literally translates to "one full point" and represents the highest possible score, granting an instant win? Ippon
33%
Masaharu Morimoto famously clashed with Bobby Flay on what cooking show? During a rock crab battle, Flay prematurely celebrated his victory by standing on his cutting board, prompting Morimoto to criticize him for disrespecting the sanctity of the kitchen’s workspace Iron Chef
33%
The Japanese bacteriologist best known for his discovery of the causative agent of syphilis shares his last name with what Japanese-American furniture designer known for an eponymous coffee table and Akari lamps? Isamu Noguchi
33%
Named for the University of Tokyo professor who created it, what name is given to the series of circles filled with dots of varying colors and sizes that are used as non-invasive screening method for red-green color vision deficiencies? Ishihara test
33%
An acclaimed documentary about an 85-year-old sushi master and owner of a three-Michelin-star restaurant in Tokyo is titled "___ Dreams of Sushi". What first name fills the gap? Jiro
33%
"Pink Guy" is a character portrayed by what singer born George Kusunoki Miller? His Youtube channels featured comedy hip hop, extreme challenges, and dance performances, though he is perhaps best known for popularizing Baauer's Harlem Shake to a wider audience. Joji / Filthy Frank
33%
Which mountaineer, the first woman to reach the summit of Mount Everest and complete the Seven Summits, has both a mountain range on Pluto and an asteroid named after her? Junko Tabei
33%
What business philosophy, meaning "continuous improvement", emphasizes small incremental changes to enhance efficiency, improve quality, and reduce waste across all aspects of an organization? Kaizen
33%
Which traditional art form restores broken pottery with lacquer blended with powdered gold, silver, or platinum? Rather than concealing the damage, this art honors the object's imperfections. Kintsugi
33%
Giving their name to a period of Japanese history ranging from about 300 to 538 AD, what term refers to the megalithic keyhole-shaped burial mounds and tombs built for the elite and ruling class? Kofun
33%
Originating in the Tohoku region and traditionally crafted from wood such as cherry or dogwood, what handmade wooden dolls with no arms or legs were originally used as children's toys? Kokeshi
33%
The scrolling shooter video game Gladius (released internationally as Nemesis) was the first to introduce what feature that has since become an easter egg in several other games, websites, and in pop culture in general? Konami Code
33%
What traditional type of fast-paced comedy features a straight man (tsukkomi) who reacts to a funny man (boke), with the duo trading jokes with rapid-fire misunderstandings and puns? Manzai
33%
The Japanese word for "green" gives us the name of what liqueur infused with premium cantaloupes, specifically Yubari King and muskmelons? Midori
33%
Which 1992 Olympic silver medalist became the first female figure skater in history to successfully land a triple Axel in competition? Midori Ito
33%
The Chisso Corporation has been responsible for causing widespread methylmercury poisoning by discharging industrial wastewater contaminated with mercury into what bay? Minamata
33%
Translating to the "pathos of things", what concept refers to the gentle sadness and bittersweet appreciation experienced when recognizing the impermanence of life and beauty, such as falling cherry blossoms? Mono no aware
33%
Joe Rosenthal's World War II photograph titled Raising the Flag on Iwo Jima was taken atop what mountain peak? Mount Suribachi
33%
The Honnō-ji Incident, which occurred due to the betrayal of vassal Akechi Mitsuhide, resulted in the suicide of what political unifier? Oda Nobunaga
33%
Darren Aronofsky's "Black Swan" was largely influenced by what animated Satoshi Kon psychological thriller about a pop idol quitting her music career to pursue acting and whose mental health deteriorates while pursuing artistic perfection? Perfect Blue
33%
Kōji Yakusho won Best Actor at Cannes in 2023 for his role as Hirayama, a Tokyo toilet cleaner, in what Wim Wenders-directed film? Perfect Days
33%
Name either the Japanese mythological god of lightning and storms, or his brother, the god of the wind. Raijin / Fūjin
33%
E-book company Kobo and instant messaging software Viber are subsidiaries of what online shopping portal sometimes referred to as the "Amazon of Japan"? Rakuten
33%
What short-lived breakaway state was established on Hokkaido in 1869 by former Tokugawa shogunate loyalists during the Boshin War? It was notably Japan's first government to hold elections, though voting was restricted to the samurai class. Republic of Ezo
33%
The "Three Sword Style" (santoryu) is the signature fighting technique of what former bounty hunter who became the first crew member to join the Straw Hat Pirates? Roronoa Zoro
33%
Japan's most prestigious literary prize is named for which "father of the Japanese short story"? His 1922 work "In a Grove" was later adapted into the Akira Kurosawa classic film Rashōmon. Ryūnosuke Akutagawa
33%
A citrus species also called the Japanese mandarin is named for and originated from what old province on Kyūshū? This province played a crucial role in opposing the Tokugawa shogunate and returning nominal power to Emperor Meiji Satsuma
33%
What most popular green tea in Japan is steamed instead of pan-fired, with its young leaves rolled into fine, needle-like shapes? Sencha
33%
What is the name of the traditional Japanese sliding door, window, or room divider that consists of a wooden lattice frame covered in translucent washi paper? Shoji
33%
At the 2020 Tokyo Olympics, 13‑year‑old Momiji Nishiya became the youngest athlete ever to win a gold medal for Japan. In what event (its debut appearance at the Olympics) did she achieve that victory? Street skateboarding
33%
Mawashi, banzuke, ōzeki, and yobidashi are terms associated with what tradition? Sumo wrestling
33%
While it has also been hosted at Fuji Speedway, what racetrack in Mie Prefecture has hosted the Japanese Grand Prix for most of its history? Suzuka
33%
What "godfather of competitive eating" won the Nathan's Hot Dog Eating Contest six consecutive times (2001-2006)? He retired in 2024 due to health concerns, specifically a lost sense of hunger and what he describes as a "broken" stomach after decades of competition. Takeru Kobayashi
33%
Less focused on nature and more about inner emotions and storytelling than haiku, what 31-syllable, unrhymed poem is traditionally structured in five lines with a 5-7-5-7-7 syllable count? Tanka
33%
The world's largest financial newspaper is what publication, whose name in its unabridged form literally translates to "Japan Economics Newspaper"? The Nikkei
33%
Embracing the aesthetics of Noh theater, what 1957 Akira Kurosawa film reimagines William Shakespeare’s Macbeth in the setting of feudal Japan? Throne of Blood
33%
What four-letter term refers to the highly prized, fatty belly meat of bluefin tuna? Toro
33%
What Shinto shrine, housing the remains of 14 convicted Class-A war criminals, has on several occasions triggered diplomatic tensions with China and South Korea due to visits by Japanese political leaders? Yasukuni Shrine
33%
What artist, nicknamed the "Princess of Polka Dots", is best known for her immersive installations with repetitive patterns? She notably created the Infinity Mirrored Rooms, which uses mirrors and lights to give the illusion of infinite space. Yayoi Kusama
33%
What Netflix series based on a manga of the same name focuses on a group of people trapped in a deserted, parallel Tokyo, where they are forced to play dangerous games (categorized by card suits) in order to survive? Alice in Borderland
17%
What notoriously gory and deeply disturbing Takashi Miike horror film follows a middle-aged widower who pretends to hold a casting call to find a new wife, only to become obsessed with a mysterious woman hiding a dark and violent past? Audition
17%
"Poker Face" was the debut single of what female singer, now the best-selling solo artist in Japan? (no, the answer is not Lady Gaga) Ayumi Hamasaki
17%
What term refers to the norm-breaking youth subculture that peaked in the 1980s, characterized by rebellious biker gangs riding highly customized and loud motorcycles? Bōsōzoku
17%
Neuroscientist Ryuta Kawashima, whose academic work focused on developing methods to improve cognitive function, was featured as an animated avatar in what video game franchise whose first game was released in 2005? Brain Age
17%
Known for their ability to withstand mechanical stress and water, G-Shock is a line of durable watches manufactured by what electronics company? Casio
17%
Originating from 16th-century Portuguese merchants, what sponge cake characterized by a golden-brown top and a sweet honey flavor is considered the signature confectionery of Nagasaki? Castella
17%
What artificial island off Nagasaki, served as the sole trading post for Europeans, especially the Dutch, during Japan’s two centuries of self-imposed isolation? Dejima
17%
What brown monster with an open mouth full of sharp teeth is the official mascot of television channel NHK, serving as the protagonist of a series of 30-second clips broadcast by the channel between programs? Domo
17%
What co-founder of the Society of Jesus led the first Christian mission to Japan, reaching Kagoshima in 1549? Francis Xavier
17%
A cat murderer named Johnnie Walker and a shape-shifting metaphysical entity named Colonel Sanders are characters in what Haruki Murakami novel? Kafka on the Shore
17%
Deeply rooted in the values of the Soka Gakkai movement, what political party served as the junior coalition partner of the Liberal Democratic Party (LDP) for over two decades? In 2025, this party announced its withdrawal from the ruling coalition, ending its 26-year alliance. Komeito
17%
"The Book of Five Rings" is a treatise on martial arts and swordsmanship authored by what legendary swordsman, renowned for his undefeated record in over 60 duels? Miyamoto Musashi
17%
What member of the Teriyaki Boyz, also a Pharrell Williams collaborator, founded the streetwear brand A Bathing Ape (BAPE)? As of early 2026, he is also the current artistic director for Kenzo. Nigo
17%
The "see no evil, hear no evil, speak no evil" maxim originated from a carving at the Tōshō-gū shrine depicting the three wise monkeys. This shrine is located in what Tochigi town, a popular tourist destination that also boasts the Futarasan shrine and the Kegon Falls? Nikkō
17%
Shaking a canister for a numbered stick or using vending machines are two ways to obtain what random fortune-telling paper strips found at Shinto shrines? They offer guidance on health, love, and career, ranging from "great blessing" (daikichi) to "curse" (kyō). O-mikuji
17%
A fan (sensu) and a hand towel (tenugui) are the only props used in what form of storytelling where a seated performer narrates complex stories without leaving a cushion? Rakugo
17%
What sports reality television show sees 100 competitors take on an extremely difficult four-stage obstacle course? It was adapted internationally as Ninja Warrior, with challengers aiming to reach the final Mount Midoriyama tower. Sasuke
17%
Although the term "onsen" typically refers to a bathing facility with at least one bath containing natural hot spring water, what other kind of public bathhouse, more common in cities, instead uses heated tap water and acts as a local social hub for relaxation? Sentō
17%
What American actor has been a spokesman for brewing company Suntory since 2006? He has appeared in several commercials for the brand, where he plays the role of an alien who takes the form of a human. Tommy Lee Jones
17%
Founded in 1882 by Prime Minister Ōkuma Shigenobu, what Tokyo university is the alma mater of several Japanese and Korean Prime Ministers, the founders of Samsung and Uniqlo, as well as many writers including Haruki Murakami and Yoko Ogawa? Waseda University
17%
What is the name of the lime green circular railway line that loops around Tokyo’s busiest districts, connecting nearly all of the city’s major railway hubs? Yamanote Line
17%
What sporting equipment manufacturer has supplied tennis player Naomi Osaka with rackets since 2008? Yonex
17%
"Tasty, low-priced, and quick" is the motto of what specialized gyūdon (beef bowl) restaurant chain? It operates around a hundred stores in the Los Angeles area alone, with other major markets including the Philippines, Indonesia, and Taiwan. Yoshinoya
17%
With four members of his private militia, who seized the Tokyo headquarters of the Japan Self-Defense Force in an attempt to abolish the US-imposed constitution and restore the Emperor's divine authority? His failure in doing so led him to commit seppuku. Yukio Mishima
17%
No matching quizzes found
Score Distribution
Percent of People with Each Score
Percentile by Number Answered
Your Score History
You have not taken this quiz